Green Lantern : (Record no. 459)

MARC details
000 -LEADER
fixed length control field 01572cam a22002897a 4500
005 - DATE AND TIME OF LATEST TRANSACTION
control field 20230425105845.0
020 ## - INTERNATIONAL STANDARD BOOK NUMBER
International Standard Book Number 9780843198416
020 ## - INTERNATIONAL STANDARD BOOK NUMBER
International Standard Book Number 0843198419
040 ## - CATALOGING SOURCE
Original cataloging agency DLC
Transcribing agency DLC
Modifying agency DLC
050 00 - LIBRARY OF CONGRESS CALL NUMBER
Classification number MLCM 2012/42182 (P)
082 ## - DEWEY DECIMAL CLASSIFICATION NUMBER
Classification number 741.5
100 1# - MAIN ENTRY--PERSONAL NAME
Personal name Black, Jake.
245 10 - TITLE STATEMENT
Title Green Lantern :
Remainder of title Hal Jordan, defender of Earth /
Statement of responsibility, etc. adapted by Jake Black ; illustrated by Steven E. Gordon ; screenplay by Greg Berlanti & Michael Green & Marc Guggenheim and Michael Goldberg ; screenstory by Greg Berlanti & Michael Green & Marc Guggenheim, based upon characters appearing in comic books published by DC Comics.
246 3# - VARYING FORM OF TITLE
Title proper/short title Hal Jordan, defender of Earth
260 ## - PUBLICATION, DISTRIBUTION, ETC.
Place of publication, distribution, etc. New York :
Name of publisher, distributor, etc. Price Stern Sloan,
Date of publication, distribution, etc. 2011.
300 ## - PHYSICAL DESCRIPTION
Extent 47 pages :
Other physical details illustrations ;
Dimensions 23 cm.
500 ## - GENERAL NOTE
General note "Green Lantern, Level 3"--Cover.
505 ## - FORMATTED CONTENTS NOTE
Formatted contents note K
520 ## - SUMMARY, ETC.
Summary, etc. During a routine test flight above the deserts of the Southwest, ace pilot HAL JORDAN has a too-close-for-comfort encounter with a UFO. His jet takes a nosedive, but before HAL bites the dust, a gigantic green hand appears, grabs the aircraft, and prevents the crash. The mysterious UFO reveals HAL'S alien rescuer who possesses an amazing green ring of untold power. What does HAL do when the alien offers him the ring, and announces that the human pilot is now the new GUARDIAN OF EARTH?
521 ## - TARGET AUDIENCE NOTE
Target audience note 540 <br/>
Source Lexile
521 ## - TARGET AUDIENCE NOTE
Target audience note K <br/>
Source Raz-Plus
700 1# - ADDED ENTRY--PERSONAL NAME
Personal name Gordon, Steven E.
906 ## - LOCAL DATA ELEMENT F, LDF (RLIN)
a 7
b cbc
c origres
d 4
e ncip
f 20
g y-gencatlg
942 ## - ADDED ENTRY ELEMENTS (KOHA)
Source of classification or shelving scheme Dewey Decimal Classification
Koha item type Books
Suppress in OPAC No
999 ## -
-- 459
-- 459
Holdings
Withdrawn status Lost status Source of classification or shelving scheme Damaged status Not for loan Collection Home library Current library Shelving location Date acquired Total Checkouts Full call number Barcode Date last seen Date last checked out Price effective from Koha item type
    Dewey Decimal Classification     Juvenile Fiction Footprints International School Library Network Toul Kork Campus Footprints International School Library Network Toul Kork Campus TK Primary Library Room(4th Floor), Bookcase 3&4, Shelves 17-32, Yellow Books 04/25/2023 1 BLA 741.5 PZ7.B52893 FISTK00756 10/23/2023 08/14/2023 04/25/2023 Books